Microbiology for the health sciences / (رقم التسجيلة. 1012)
[ عرض عادي ]
| 000 -الفاتح | |
|---|---|
| حقل البيانات ثابتة الطول | 01097cam a22003134a 4500 |
| 001 - رقم الضبط | |
| رقم الضبط | 13035191 |
| 003 - محدد رقم الضبط | |
| رقم الضبط | OSt |
| 005 - وقت وتاريخ اخر تعامل مع التسجيلة | |
| رقم الضبط | 20150408113725.0 |
| 008 - عناصر البيانات ثابتة الطول - معلومات عامة | |
| حقل البيانات ثابتة الطول | 021219s2004 paua 001 0 eng |
| 010 ## - رقم ضبط مكتبة الكونجرس | |
| رقم ضبط مكتبة الكونجرس | 2002043425 |
| 020 ## - الرقم الدولى المعيارى للكتب | |
| الرقم الدولى المعيارى للكتاب | 0781740002 |
| 040 ## - مصدر الفهرسة | |
| وكالة الفهرسة الأصلية | DLC |
| وكالة النسخ | DLC |
| وكالة التعديل | DLC |
| 042 ## - رمز التحقق | |
| رمز التحقق | pcc |
| 050 00 - رقم طلب مكتبة الكونجرس | |
| رقم التصنيف | QR41.2 |
| رقم المادة | .B88 2004 |
| 082 00 - رقم تصنيف ديوى العشرى | |
| رقم التصنيف | 616.01 |
| رقم الطبعة | 21 |
| 100 1# - المدخل الرئيسى - إسم شخصى | |
| الإسم الشخصى | Burton, Gwendolyn R. W. |
| الشكل الأكمل للاسم | (Gwendolyn R. Wilson) |
| 9 (RLIN) | 5341 |
| 245 10 - بيان العنوان | |
| العنوان | Microbiology for the health sciences / |
| بيان المسئوليه,etc | Gwendolyn R.W. Burton, Paul G. Engelkirk. |
| 250 ## - بيان الطبعة | |
| بيان الطبعة | 7th ed. |
| 260 ## - PUBLICATION, DISTRIBUTION, ETC. (IMPRINT) | |
| مكان الناشر او الموزع | Philadelphia : |
| اسم الناشر او الموزع | Lippincott Williams & Wilkins, |
| تاريخ النشر أو التوزيع | c2004 |
| 300 ## - الوصف المادى | |
| التعداد | xvi, 561 p. : |
| تفاصيل ماديه اخرى للوعاء | ill. ; |
| أبعاد الوعاء | 23 cm. |
| 500 ## - تبصرة عامة | |
| تبصرة عامة | Includes index. |
| 650 #0 - المدخل الاضافى بالموضوع-مصطلح موضوعى | |
| مصطلح موضوعي أو اسم جغرافي كعنصر مدخل | Microbiology. |
| 9 (RLIN) | 3781 |
| 650 #0 - المدخل الاضافى بالموضوع-مصطلح موضوعى | |
| مصطلح موضوعي أو اسم جغرافي كعنصر مدخل | Medical microbiology. |
| 9 (RLIN) | 5342 |
| 650 #0 - المدخل الاضافى بالموضوع-مصطلح موضوعى | |
| مصطلح موضوعي أو اسم جغرافي كعنصر مدخل | Allied health personnel. |
| 9 (RLIN) | 5343 |
| 700 1# - المدخل الاضافى - اسم شخصى | |
| الإسم الشخصى | Engelkirk, Paul G. |
| 9 (RLIN) | 5344 |
| 856 42 - الوصول و الموقع الالكترونى | |
| مواد محددة | Publisher description |
| معرف المصدر الموحد | <a href="http://www.loc.gov/catdir/enhancements/fy0711/2002043425-d.html">http://www.loc.gov/catdir/enhancements/fy0711/2002043425-d.html</a> |
| 942 ## - عناصر المدخل الإضافي( كوها) | |
| مصدر التصنيف او مخطط الترفيف | Dewey Decimal Classification |
| Koha [default] item type | مراجع |
| حالة الفقد | نموذج السعر الفعال | حالة تلف | ليس للاعارة | رقم الطلب | تاريخ الاكتساب | الموقع الحالي | الباركود | الفرع الرئيسي | Date last seen | نوع المادة فى نظام كوها | مصدر التصنيف او خطة الترفيف | Total Checkouts |
|---|---|---|---|---|---|---|---|---|---|---|---|---|
| 2013-03-10 | 616.01 B G M | 2011-10-19 | المكتبة المركزية بالمجمعة (CL) | 00050808 | المكتبة المركزية بالمجمعة (CL) | 2013-03-10 | مراجع | Dewey Decimal Classification | ||||
| 2013-03-10 | 616.01 B G M | 2011-10-26 | المكتبة المركزية بالمجمعة (CL) | 00050806 | المكتبة المركزية بالمجمعة (CL) | 2013-03-10 | مراجع | Dewey Decimal Classification | ||||
| 2013-03-10 | 616.01 B G M | 2011-10-26 | المكتبة المركزية بالمجمعة (CL) | 00050807 | المكتبة المركزية بالمجمعة (CL) | 2013-03-10 | مراجع | Dewey Decimal Classification | ||||
| 2013-03-10 | 616.01 B G M | 2012-03-07 | المكتبة المركزية بالمجمعة (CL) | 00044935 | المكتبة المركزية بالمجمعة (CL) | 2013-03-10 | كتاب | Dewey Decimal Classification |
